000
00284nam a2200109Ia 4500
008
190216s9999||||xx |||||||||||||| ||und||
100
_a
Jain T S
245
0
_a
Guide To Nationalised Banks Probationary Officers Exam
260
_b
Upakar Prakashan
650
_a
References
942
_c
REF
999
_c
35640
_d
35640